Supové Mexika. III, Satan a Jidáš /

Hlavní autor: May, Karl, 1842-1912
Jazyk: Čeština
Vydáno: Praha : Naše vojsko, 2015
Témata:
Fyzický popis: 448 s. : il. ; 24 cm
Knihy
Uloženo v:
LEADER 01472nam a2200421 a 4500
001 nkc20152695319
003 CZ PrNK
005 20150528092158.0
007 ta
008 150422s2015 xr a d 000 f cze
015 |a cnb002695319 
020 |a 978-80-206-1472-8  |q (váz.) 
035 |a (OCoLC)910988903 
040 |a OLA001  |b cze 
041 1 |a cze  |h ger 
072 7 |a 821.112.2-3  |x Německá próza, německy psaná  |2 Konspekt  |9 25 
072 7 |a 821-93  |x Literatura pro děti a mládež (beletrie)  |2 Konspekt  |9 26 
080 |a 821.112.2-31  |2 MRF 
080 |a 821-93  |2 MRF 
080 |a (0:82-311.3)  |2 MRF 
100 1 |a May, Karl,  |d 1842-1912  |7 jn19990005499  |4 aut 
240 1 0 |a Satan und Ischariot.  |l Česky  |7 aun2013761529 
245 1 0 |a Supové Mexika.  |n III,  |p Satan a Jidáš /  |c Karel May ; [ilustrovala Olga Dvořáková] 
246 3 0 |a Satan a Jidáš 
260 |a Praha :  |b Naše vojsko,  |c 2015 
300 |a 448 s. :  |b il. ;  |c 24 cm 
500 |a Přeloženo z němčiny 
655 7 |a německé romány  |7 fd132945  |2 czenas 
655 7 |a dobrodružné romány  |7 fd132061  |2 czenas 
655 7 |a publikace pro mládež  |7 fd133157  |2 czenas 
655 9 |a German fiction  |2 eczenas 
655 9 |a adventure novels  |2 eczenas 
655 9 |a juvenile literature  |2 eczenas 
910 2 |a BOA001  |b 2-1341.270,3 
990 |a BK 
995 |a 01 
991 |b 201505  |c NOV  |e b 
996 6 |b 2610632246  |c 2-1341.270,3  |l MZK  |r Sklad / do 1 hodiny  |n 1  |p p.v.  |w 001503834  |u 000010  |a 1  |e BOA001  |j MZK50  |s P